Jaina : boletín informativo /

Bibliographic Details
Corporate Author: EPOMEX (Organization)
Format: Journal
Language:Spanish
Published: Campeche, Campeche, México : EPOMEX, [1990-]
Subjects:
Online Availability: Check for online availability

MARC

Tag First Indicator Second Indicator Subfields
LEADER 00000cas a2200000 a 4500
001 in00001836821
005 20151026095607.0
008 910528c19909999mx qr p 0 0spa
010 |a  91641640  
022 |a 0188-4700 
035 |a (OCoLC)ocm23845754 
037 |b Programa EPOMEX, Universidad Autónoma de Campeche, Av. Agustín Melgar y Juan de la Barrera, Apartado Postal 520, Campeche 24030, Campeche, México 
040 |a DLC  |c DLC  |d FUG  |d NST  |d OCLCQ  |d TXA  |d UtOrBLW 
042 |a lc 
043 |a nm----- 
049 |a TXAM 
050 0 0 |a QH92.3  |b .J35 
082 0 0 |a 574.5/2636/0916364  |2 20 
245 0 0 |a Jaina :  |b boletín informativo /  |c EPOMEX. 
264 1 |a Campeche, Campeche, México :  |b EPOMEX,  |c [1990-] 
300 |a volumes :  |b illustrations, maps ;  |c 28 cm. 
310 |a Quarterly 
336 |a text  |b txt  |2 rdacontent 
337 |a unmediated  |b n  |2 rdamedia 
338 |a volume  |b nc  |2 rdacarrier 
362 0 |a Vol. 1, no. 1 (jul.-sept. 1990)- 
500 |a Title from caption. 
650 0 |a Coastal ecology  |z Mexico, Gulf of  |v Periodicals. 
650 0 |a Coastal zone management  |z Mexico, Gulf of  |v Periodicals. 
650 0 |a Fisheries  |z Mexico, Gulf of  |v Periodicals. 
650 0 |a Oceanography  |z Mexico, Gulf of  |v Periodicals. 
651 0 |a Mexico, Gulf of  |v Periodicals. 
650 0 |a Coasts  |z Mexico, Gulf of  |v Periodicals. 
710 2 |a EPOMEX (Organization) 
850 |a CU-S  |a DLC  |a FU 
936 |a Vol. 2, no. 1 (ene.-mar. 1991) LIC 
994 |a E0  |b TXA 
999 |a MARS 
999 f f |s 40d6c02c-e7f3-344b-ab40-d4e9c49c79f0  |i ed69aeff-e135-3913-a980-135bf0ecd87c  |t 0 
952 f f |p serial  |a Texas A&M University  |b College Station  |c Sterling C. Evans Library  |d Evans: Library Stacks  |t 0  |e QH92.3 .J35  |h Library of Congress classification  |i unmediated -- volume  |k v.1:no.1-9:no.1  |l 1990-1998  |m A14832200552 
998 f f |a QH92.3 .J35  |s v.9:no.1 (1998:enero/marzo)  |t 0  |l Evans: Library Stacks